00953nam a2200217Ia 4500003000900000008004100009020001800050040001600068080002500084111009200109245024600201260007300447300001600520490003700536650004100573650001700614650001900631700003500650700002300685700002700708IN-BaIIA211028s9999 xx 000 0 eng d a0-8194-0048-3 cIIA Library a535(082.1)bSPI-1013 aSociety of Photo-Optical Instrumentation Engineers ConferencecFloridad1987 Mar. 27-29 0aOptical design methods, applications, and large opticsbproceedings of the SPIE held in Orlando, Florida, on 27-29 March 1987cedited by Andre Masson, J. Schulte in Den Baumen and Hannfried Zugge  aWashingtonbSociety of Photo-Optical Instrumentation Engineersc1989 aviii, 254p. aSPIE proceedings series; v. 1013 aAstronomy and Astrophysics Thesaurus aLarge optics aOptical design aDen Baumen, J. Schulte in, ed. aMasson, Andre, ed. aZugge, Hannfried., ed.